Statistics for World leaders with unusual names II

Click here to take the quiz!

General Stats

  • This quiz has been taken 13 times
  • The average score is 10 of 20

Answer Stats

World leaderCountry% Correct
Grover ClevelandUSA
100%
Artur da Costa e SilvaBrazil
82%
Pol PotCambodia
82%
Guðni Thorlacius JóhannessonIceland
82%
Sunthorn KongsompongThailand
64%
İhsan Sabri ÇağlayangilTurkey
64%
Megawati SukarnoputriIndonesia
55%
Ba UMyanmar
55%
Przemysł IIPoland
55%
SupaarshwaIndia
45%
Gheorghe Gheorghiu-DejRomania
45%
Ants PiipEstonia
36%
Daouda Malam WankéNiger
36%
Milan ISerbia
36%
Dharma Parakramabahu IXSri Lanka
36%
Laurent GbagboIvory Coast
27%
Hastings BandaMalawi
18%
Bill SkatePapua New Guinea
18%
Christine KangalooTrinidad and Tobago
18%
Congalach CnogbaIreland
9%

Score Distribution

Percentile by Number Answered

Percent of People with Each Score

Your Score History

You have not taken this quiz